Most common female names starting with V - Statistics

General Stats
  • This quiz has been taken 100 times
  • The average score is 21 of 100
Answer Stats
Hint Answer % Correct
78 Van
92%
79 Victor
85%
1 Victoria
85%
84 Val
81%
60 Valeri
76%
3 Valerie
72%
2 Vanessa
72%
8 Violet
72%
12 Vera
69%
5 Veronica
69%
15 Viola
69%
13 Vicky
61%
10 Valeria
55%
7 Vivian
53%
6 Vicki
42%
74 Victory
35%
16 Velma
34%
33 Vivien
34%
11 Valentina
31%
18 Vivienne
31%
81 Valentine
30%
23 Valery
30%
4 Virginia
30%
55 Violetta
27%
68 Verity
26%
9 Vickie
24%
30 Vida
24%
24 Violeta
24%
94 Vanda
23%
21 Venus
23%
29 Vienna
23%
52 Vita
23%
61 Vanna
22%
17 Verna
22%
99 Viva
22%
51 Vivianne
22%
27 Vanesa
20%
14 Viviana
20%
20 Valencia
19%
77 Veronique
19%
38 Violette
19%
88 Vanya
18%
57 Venice
18%
73 Verona
18%
65 Vesta
18%
92 Vincent
18%
35 Vivianna
18%
28 Vada
16%
22 Veda
16%
53 Viktoria
16%
46 Vania
14%
47 Velvet
14%
82 Vy
14%
41 Veronika
12%
69 Viki
12%
64 Vina
12%
25 Vonda
12%
31 Vikki
11%
59 Vanity
9%
70 Vianna
8%
45 Vilma
8%
97 Vivica
8%
19 Valarie
7%
43 Vannessa
7%
71 Vittoria
7%
26 Valorie
5%
50 Vayda
5%
32 Venessa
5%
83 Vannesa
4%
44 Velda
4%
75 Verda
4%
90 Verena
4%
67 Verla
4%
80 Vincenza
4%
36 Virgie
4%
89 Valkyrie
3%
93 Vallerie
3%
98 Varsha
3%
63 Velia
3%
87 Velva
3%
56 Vonnie
3%
85 Valinda
1%
72 Vashti
1%
95 Venetia
1%
40 Venita
1%
62 Vernetta
1%
49 Vernice
1%
48 Vernita
1%
34 Vickey
1%
91 Vaeda
0%
100 Vanetta
0%
76 Vanita
0%
86 Vasiliki
0%
66 Verenice
0%
96 Verlene
0%
42 Vernell
0%
58 Vianca
0%
39 Vianey
0%
54 Vianney
0%
37 Viridiana
0%
No matching quizzes found
Score Distribution
Percent of People with Each Score
Percentile by Number Answered
Your Score History
You have not taken this quiz